Globalización cultural e investigación intercultural en psicología social: apuntes para la problematización de un vínculo ignorado /

El presente artículo ofrece una evaluación crítica de la investigación intercultural en psicología social a la luz del actual proceso de globalización cultural. Se inicia con una conceptualización de la globalización cultural, para continuar con una revisión crítica de algunas de las premisas básica...

Mô tả đầy đủ

Đã lưu trong:
Chi tiết về thư mục
Tác giả chính: Pérez Sánchez, Rolando
Định dạng: Texto
Những chủ đề:
Các nhãn: Thêm thẻ
Không có thẻ, Là người đầu tiên thẻ bản ghi này!

MARC

LEADER 00000 a a2200000 04500
001 14456
003
040
100 |a Pérez Sánchez, Rolando  
245 |a Globalización cultural e investigación intercultural en psicología social: apuntes para la problematización de un vínculo ignorado /  |c Rolando Pérez Sánchez 
520 |a El presente artículo ofrece una evaluación crítica de la investigación intercultural en psicología social a la luz del actual proceso de globalización cultural. Se inicia con una conceptualización de la globalización cultural, para continuar con una revisión crítica de algunas de las premisas básicas de la investigación intercultural en psicología social. Por último, se presentan, a manera de ejemplo, algunos resultados de investigación en el área, que son un intento por superar el modelo de estudios intercultural, planteando la necesidad de su reformulación  
650 |a PSICOLOGIA SOCIAL  
650 |a ANALISIS TRANSCULTURAL  
650 |a GLOBALIZACION  
650 |a CULTURA  
650 |a RELACIONES NORTE SUR  
773 |g número 100 (II); páginas 165-178  
999 |c 30371  |d 30371 
773 0 |0 18728  |9 3037  |a Universidad de Costa Rica  |d San José, Costa Rica Editorial UCR 1956-  |o 17128  |t Revista de Ciencias Sociales/  |x 04825276